[Event "DVM U16 2021"]
[Site "Kiel GER"]
[Date "2022.07.23"]
[Round "1"]
[White "Weiß, David"]
[Black "Ho, Ngoc Hai-Dang"]
[Result "0-1"]
[Termination "normal"]
[Board "1.3"]
[WhiteElo "1759"]
[BlackElo "1826"]
[WhiteClock "00:28:53"]
[BlackClock "00:07:49"]
[WhiteTeam "SC Brombach e.V."]
[BlackTeam "SV Mattnetz Berlin e.V."]
[PlyCount "74"]
[WhiteFideId "34628428"]
[BlackFideId "16206509"]
[EventCountry "GER"]
[EventRounds "7"]
[EventType "team-swiss"]
[EventDate "2022.07.22"]

1. Nf3 {[%clk 01:30:58]} {[%emt 00:00:02]} b6 {[%clk 01:30:41]} {[%emt
00:00:20]} 2. g3 {[%clk 01:31:08]} {[%emt 00:00:19]} Bb7 {[%clk 01:31:03]}
{[%emt 00:00:08]} 3. Bg2 {[%clk 01:31:31]} {[%emt 00:00:08]} Nf6 {[%clk
01:31:12]} {[%emt 00:00:21]} 4. O-O {[%clk 01:31:48]} {[%emt 00:00:13]} e6
{[%clk 01:31:31]} {[%emt 00:00:11]} 5. d4 {[%clk 01:32:07]} {[%emt 00:00:10]}
Be7 {[%clk 01:31:30]} {[%emt 00:00:30]} 6. c4 {[%clk 01:32:27]} {[%emt
00:00:10]} O-O {[%clk 01:30:59]} {[%emt 00:01:02]} 7. Nc3 {[%clk 01:32:42]}
{[%emt 00:00:15]} d5 {[%clk 01:29:57]} {[%emt 00:01:32]} 8. cxd5 {[%clk
01:33:00]} {[%emt 00:00:12]} Nxd5 {[%clk 01:28:06]} {[%emt 00:02:22]} 9. Qc2
{[%clk 01:31:50]} {[%emt 00:01:39]} Nb4 {[%clk 01:18:30]} {[%emt 00:10:06]} 10.
Qb1 {[%clk 01:31:47]} {[%emt 00:00:33]} Nd7 {[%clk 01:04:21]} {[%emt 00:14:39]}
11. Ng5 {[%clk 01:28:21]} {[%emt 00:03:56]} Bxg5 {[%clk 01:04:42]} {[%emt
00:00:10]} 12. Bxb7 {[%clk 01:27:53]} {[%emt 00:00:57]} Rb8 {[%clk 01:05:01]}
{[%emt 00:00:11]} 13. Bg2 {[%clk 01:27:05]} {[%emt 00:01:18]} c5 {[%clk
00:57:37]} {[%emt 00:07:55]} 14. Rd1 {[%clk 01:20:08]} {[%emt 00:07:26]} Qe7
{[%clk 00:54:22]} {[%emt 00:03:46]} 15. dxc5 {[%clk 01:14:16]} {[%emt
00:06:21]} Nxc5 {[%clk 00:54:12]} {[%emt 00:00:41]} 16. Bxg5 {[%clk 01:12:15]}
{[%emt 00:02:31]} Qxg5 {[%clk 00:54:29]} {[%emt 00:00:12]} 17. a3 {[%clk
01:12:13]} {[%emt 00:00:31]} Nba6 {[%clk 00:48:32]} {[%emt 00:06:27]} 18. b4
{[%clk 01:11:29]} {[%emt 00:01:14]} Qe5 {[%clk 00:48:27]} {[%emt 00:00:35]} 19.
Qb2 {[%clk 01:04:42]} {[%emt 00:07:16]} Nb7 {[%clk 00:43:44]} {[%emt 00:05:14]}
20. Rd7 {[%clk 01:02:53]} {[%emt 00:02:18]} Nd6 {[%clk 00:35:20]} {[%emt
00:08:55]} 21. Rd1 {[%clk 00:53:38]} {[%emt 00:09:44]} Nb5 {[%clk 00:26:04]}
{[%emt 00:09:46]} 22. Na4 {[%clk 00:53:35]} {[%emt 00:00:33]} Qxb2 {[%clk
00:24:02]} {[%emt 00:02:32]} 23. Nxb2 {[%clk 00:53:57]} {[%emt 00:00:07]} f6
{[%clk 00:17:04]} {[%emt 00:07:28]} 24. Bb7 {[%clk 00:50:33]} {[%emt 00:03:54]}
Nac7 {[%clk 00:15:40]} {[%emt 00:01:55]} 25. Bc6 {[%clk 00:49:21]} {[%emt
00:01:41]} Rbc8 {[%clk 00:10:19]} {[%emt 00:05:50]} 26. a4 {[%clk 00:42:40]}
{[%emt 00:07:11]} Nc3 {[%clk 00:10:18]} {[%emt 00:00:31]} 27. R1d2 {[%clk
00:37:42]} {[%emt 00:05:29]} N7d5 {[%clk 00:10:19]} {[%emt 00:00:29]} 28. b5
{[%clk 00:37:46]} {[%emt 00:00:26]} Rf7 {[%clk 00:08:11]} {[%emt 00:02:39]} 29.
f3 {[%clk 00:31:30]} {[%emt 00:06:45]} Rcf8 {[%clk 00:06:26]} {[%emt 00:02:15]}
30. e4 {[%clk 00:29:39]} {[%emt 00:02:21]} Nb4 {[%clk 00:06:25]} {[%emt
00:00:31]} 31. R2d4 {[%clk 00:27:54]} {[%emt 00:02:15]} Ne2+ {[%clk 00:06:24]}
{[%emt 00:00:31]} 32. Kf2 {[%clk 00:28:13]} {[%emt 00:00:11]} Nxd4 {[%clk
00:06:50]} {[%emt 00:00:05]} 33. Rxd4 {[%clk 00:28:38]} {[%emt 00:00:04]} Nxc6
{[%clk 00:07:13]} {[%emt 00:00:07]} 34. bxc6 {[%clk 00:29:01]} {[%emt
00:00:07]} Rc7 {[%clk 00:07:34]} {[%emt 00:00:09]} 35. Rd6 {[%clk 00:29:07]}
{[%emt 00:00:24]} Kf7 {[%clk 00:07:42]} {[%emt 00:00:22]} 36. f4 {[%clk
00:28:37]} {[%emt 00:01:00]} Ke7 {[%clk 00:07:41]} {[%emt 00:00:30]} 37. e5
{[%clk 00:28:53]} {[%emt 00:00:13]} fxe5 {[%clk 00:07:49]} {[%emt 00:00:22]}
0-1

[Event "DVM U16 2021"]
[Site "Kiel GER"]
[Date "2022.07.23"]
[Round "1"]
[White "Schauties, Nico Antonio"]
[Black "Wehrle, Valentin"]
[Result "1-0"]
[Termination "normal"]
[Board "1.4"]
[WhiteElo "1818"]
[BlackElo "1440"]
[WhiteClock "00:55:00"]
[BlackClock "00:56:36"]
[WhiteTeam "SV Mattnetz Berlin e.V."]
[BlackTeam "SC Brombach e.V."]
[PlyCount "45"]
[WhiteFideId "16206371"]
[BlackFideId "65600355"]
[EventCountry "GER"]
[EventRounds "7"]
[EventType "team-swiss"]
[EventDate "2022.07.22"]

1. c4 {[%clk 01:30:57]} {[%emt 00:00:03]} c5 {[%clk 01:29:06]} {[%emt
00:01:54]} 2. g3 {[%clk 01:31:23]} {[%emt 00:00:03]} e6 {[%clk 01:29:14]}
{[%emt 00:00:22]} 3. Bg2 {[%clk 01:31:39]} {[%emt 00:00:14]} Nf6 {[%clk
01:28:45]} {[%emt 00:00:59]} 4. d3 {[%clk 01:30:57]} {[%emt 00:01:12]} d6
{[%clk 01:28:03]} {[%emt 00:01:12]} 5. e4 {[%clk 01:29:21]} {[%emt 00:02:05]}
Be7 {[%clk 01:26:31]} {[%emt 00:02:02]} 6. Ne2 {[%clk 01:29:35]} {[%emt
00:00:16]} Nc6 {[%clk 01:25:17]} {[%emt 00:01:45]} 7. O-O {[%clk 01:29:35]}
{[%emt 00:00:31]} O-O {[%clk 01:24:27]} {[%emt 00:01:21]} 8. Nbc3 {[%clk
01:28:45]} {[%emt 00:01:20]} e5 {[%clk 01:13:30]} {[%emt 00:11:27]} 9. h3
{[%clk 01:28:44]} {[%emt 00:00:30]} Bd7 {[%clk 01:10:54]} {[%emt 00:03:07]} 10.
f4 {[%clk 01:26:54]} {[%emt 00:02:19]} Qc8 {[%clk 01:08:28]} {[%emt 00:02:56]}
11. f5 {[%clk 01:24:42]} {[%emt 00:02:42]} g6 {[%clk 01:05:51]} {[%emt
00:03:07]} 12. g4 {[%clk 01:14:29]} {[%emt 00:10:43]} Ne8 {[%clk 01:03:10]}
{[%emt 00:03:07]} 13. Bh6 {[%clk 01:13:38]} {[%emt 00:01:24]} f6 {[%clk
01:02:56]} {[%emt 00:00:44]} 14. Bxf8 {[%clk 01:13:18]} {[%emt 00:00:51]} Kxf8
{[%clk 01:02:45]} {[%emt 00:00:41]} 15. Nd5 {[%clk 01:09:38]} {[%emt 00:04:09]}
g5 {[%clk 01:02:20]} {[%emt 00:00:55]} 16. h4 {[%clk 01:07:52]} {[%emt
00:02:16]} h6 {[%clk 01:01:47]} {[%emt 00:01:03]} 17. Kf2 {[%clk 01:02:52]}
{[%emt 00:05:29]} Nc7 {[%clk 01:00:08]} {[%emt 00:02:09]} 18. Nec3 {[%clk
00:58:05]} {[%emt 00:05:17]} Nd4 {[%clk 00:59:45]} {[%emt 00:00:53]} 19. Rh1
{[%clk 00:56:55]} {[%emt 00:01:41]} Nxd5 {[%clk 00:57:03]} {[%emt 00:03:12]}
20. Nxd5 {[%clk 00:56:11]} {[%emt 00:01:14]} Ke8 {[%clk 00:55:54]} {[%emt
00:01:39]} 21. hxg5 {[%clk 00:55:57]} {[%emt 00:00:44]} hxg5 {[%clk 00:56:13]}
{[%emt 00:00:10]} 22. Rh8+ {[%clk 00:55:37]} {[%emt 00:00:50]} Bf8 {[%clk
00:56:36]} {[%emt 00:00:08]} 23. Qh1 {[%clk 00:55:00]} {[%emt 00:01:05]} 1-0

[Event "DVM U16 2021"]
[Site "Kiel GER"]
[Date "2022.07.23"]
[Round "1"]
[White "Weihrauch, Jakob"]
[Black "Lutz, Ruben"]
[Result "0-1"]
[Termination "normal"]
[Board "2.1"]
[WhiteElo "2183"]
[BlackElo "2109"]
[WhiteClock "00:01:19"]
[BlackClock "00:01:45"]
[WhiteTeam "Hamburger SK von 1830 eV"]
[BlackTeam "USV TU Dresden"]
[PlyCount "112"]
[WhiteFideId "16210115"]
[BlackFideId "12975974"]
[EventCountry "GER"]
[EventRounds "7"]
[EventType "team-swiss"]
[EventDate "2022.07.22"]

1. e4 {[%clk 01:30:56]} {[%emt 00:00:04]} c6 {[%clk 01:30:47]} {[%emt
00:00:14]} 2. d4 {[%clk 01:31:22]} {[%emt 00:00:04]} d5 {[%clk 01:31:13]}
{[%emt 00:00:05]} 3. e5 {[%clk 01:31:48]} {[%emt 00:00:04]} c5 {[%clk
01:31:38]} {[%emt 00:00:05]} 4. Nf3 {[%clk 01:32:08]} {[%emt 00:00:09]} Nc6
{[%clk 01:31:58]} {[%emt 00:00:10]} 5. dxc5 {[%clk 01:32:31]} {[%emt 00:00:07]}
e6 {[%clk 01:31:56]} {[%emt 00:00:33]} 6. Be3 {[%clk 01:32:22]} {[%emt
00:00:38]} Qc7 {[%clk 01:18:33]} {[%emt 00:13:53]} 7. c3 {[%clk 01:28:30]}
{[%emt 00:04:23]} Nge7 {[%clk 01:12:22]} {[%emt 00:06:40]} 8. Bb5 {[%clk
01:22:38]} {[%emt 00:06:22]} Bd7 {[%clk 01:00:07]} {[%emt 00:12:45]} 9. Bd4
{[%clk 01:11:12]} {[%emt 00:11:55]} Ng6 {[%clk 00:48:58]} {[%emt 00:11:39]} 10.
Qe2 {[%clk 00:53:04]} {[%emt 00:18:38]} Be7 {[%clk 00:46:57]} {[%emt 00:02:31]}
11. h4 {[%clk 00:46:02]} {[%emt 00:07:33]} f6 {[%clk 00:25:23]} {[%emt
00:22:04]} 12. Bxc6 {[%clk 00:42:24]} {[%emt 00:04:07]} Qxc6 {[%clk 00:25:44]}
{[%emt 00:00:10]} 13. h5 {[%clk 00:37:43]} {[%emt 00:05:11]} Nxe5 {[%clk
00:23:38]} {[%emt 00:02:36]} 14. Bxe5 {[%clk 00:31:10]} {[%emt 00:07:02]} fxe5
{[%clk 00:24:03]} {[%emt 00:00:05]} 15. Nxe5 {[%clk 00:24:50]} {[%emt
00:06:51]} Qxc5 {[%clk 00:23:37]} {[%emt 00:00:55]} 16. Nxd7 {[%clk 00:22:03]}
{[%emt 00:03:17]} Kxd7 {[%clk 00:24:03]} {[%emt 00:00:04]} 17. Nd2 {[%clk
00:22:11]} {[%emt 00:00:22]} Rae8 {[%clk 00:21:45]} {[%emt 00:02:48]} 18. Nf3
{[%clk 00:18:04]} {[%emt 00:04:37]} Bd6 {[%clk 00:16:31]} {[%emt 00:05:45]} 19.
Rh4 {[%clk 00:15:01]} {[%emt 00:03:33]} Kc8 {[%clk 00:15:11]} {[%emt 00:01:50]}
20. O-O-O {[%clk 00:13:42]} {[%emt 00:01:49]} Kb8 {[%clk 00:13:31]} {[%emt
00:02:09]} 21. Kb1 {[%clk 00:12:55]} {[%emt 00:01:18]} Rhf8 {[%clk 00:12:44]}
{[%emt 00:01:17]} 22. Rg4 {[%clk 00:11:03]} {[%emt 00:02:22]} Re7 {[%clk
00:12:07]} {[%emt 00:01:06]} 23. Nd4 {[%clk 00:09:41]} {[%emt 00:01:52]} e5
{[%clk 00:06:52]} {[%emt 00:05:45]} 24. Nf3 {[%clk 00:09:52]} {[%emt 00:00:19]}
Bc7 {[%clk 00:03:14]} {[%emt 00:04:08]} 25. Qc2 {[%clk 00:07:26]} {[%emt
00:02:57]} e4 {[%clk 00:01:39]} {[%emt 00:02:05]} 26. Nd4 {[%clk 00:07:37]}
{[%emt 00:00:19]} Be5 {[%clk 00:01:35]} {[%emt 00:00:34]} 27. Rg5 {[%clk
00:04:00]} {[%emt 00:04:06]} a6 {[%clk 00:00:49]} {[%emt 00:01:18]} 28. Rf5
{[%clk 00:03:09]} {[%emt 00:01:20]} Rxf5 {[%clk 00:00:42]} {[%emt 00:00:37]}
29. Nxf5 {[%clk 00:03:38]} {[%emt 00:00:01]} Rf7 {[%clk 00:01:01]} {[%emt
00:00:11]} 30. Ne3 {[%clk 00:03:07]} {[%emt 00:01:01]} d4 {[%clk 00:00:37]}
{[%emt 00:00:54]} 31. cxd4 {[%clk 00:03:03]} {[%emt 00:00:33]} Qxc2+ {[%clk
00:00:34]} {[%emt 00:00:34]} 32. Nxc2 {[%clk 00:03:23]} {[%emt 00:00:10]} Bc7
{[%clk 00:00:37]} {[%emt 00:00:27]} 33. Rd2 {[%clk 00:02:52]} {[%emt 00:01:01]}
Bg3 {[%clk 00:00:35]} {[%emt 00:00:32]} 34. Re2 {[%clk 00:01:18]} {[%emt
00:02:04]} Rxf2 {[%clk 00:00:40]} {[%emt 00:00:25]} 35. Rxf2 {[%clk 00:01:24]}
{[%emt 00:00:23]} Bxf2 {[%clk 00:01:07]} {[%emt 00:00:03]} 36. Kc1 {[%clk
00:01:21]} {[%emt 00:00:34]} Kc7 {[%clk 00:00:36]} {[%emt 00:01:01]} 37. Kd2
{[%clk 00:00:53]} {[%emt 00:00:58]} Kd6 {[%clk 00:01:00]} {[%emt 00:00:06]} 38.
Ke2 {[%clk 00:00:56]} {[%emt 00:00:26]} Bg1 {[%clk 00:00:37]} {[%emt 00:00:53]}
39. Ne3 {[%clk 00:00:38]} {[%emt 00:00:49]} Ke6 {[%clk 00:00:37]} {[%emt
00:00:29]} 40. g3 {[%clk 00:00:33]} {[%emt 00:00:35]} g6 {[%clk 00:00:35]}
{[%emt 00:00:32]} 41. h6 {[%clk 00:23:37]} {[%emt 00:07:26]} Kd6 {[%clk
00:16:41]} {[%emt 00:14:24]} 42. Nc2 {[%clk 00:20:11]} {[%emt 00:03:56]} Kd5
{[%clk 00:15:43]} {[%emt 00:01:28]} 43. Ne3+ {[%clk 00:20:33]} {[%emt
00:00:09]} Kxd4 {[%clk 00:05:07]} {[%emt 00:11:06]} 44. Ng4 {[%clk 00:20:56]}
{[%emt 00:00:06]} a5 {[%clk 00:04:21]} {[%emt 00:01:17]} 45. a4 {[%clk
00:16:51]} {[%emt 00:04:35]} b6 {[%clk 00:04:31]} {[%emt 00:00:19]} 46. Kd2
{[%clk 00:08:29]} {[%emt 00:08:52]} e3+ {[%clk 00:01:37]} {[%emt 00:03:25]} 47.
Ke2 {[%clk 00:08:50]} {[%emt 00:00:08]} Bf2 {[%clk 00:02:01]} {[%emt 00:00:06]}
48. Kf3 {[%clk 00:02:30]} {[%emt 00:06:50]} Kd3 {[%clk 00:01:34]} {[%emt
00:00:57]} 49. Ne5+ {[%clk 00:02:29]} {[%emt 00:00:31]} Kc2 {[%clk 00:01:11]}
{[%emt 00:00:54]} 50. Nxg6 {[%clk 00:00:37]} {[%emt 00:02:22]} Bxg3 {[%clk
00:00:46]} {[%emt 00:00:55]} 51. Kxe3 {[%clk 00:00:33]} {[%emt 00:00:34]} hxg6
{[%clk 00:00:45]} {[%emt 00:00:31]} 52. Ke4 {[%clk 00:01:02]} Bh4 {[%clk
00:00:44]} {[%emt 00:00:30]} 53. Ke5 {[%clk 00:01:29]} {[%emt 00:00:03]} Kxb2
{[%clk 00:00:44]} {[%emt 00:00:31]} 54. h7 {[%clk 00:00:39]} {[%emt 00:01:19]}
Be1 {[%clk 00:01:07]} {[%emt 00:00:06]} 55. Kd5 {[%clk 00:00:53]} {[%emt
00:00:17]} Bc3 {[%clk 00:01:34]} {[%emt 00:00:03]} 56. Kc6 {[%clk 00:01:19]}
{[%emt 00:00:04]} Kb3 {[%clk 00:01:45]} {[%emt 00:00:19]} 0-1

[Event "DVM U16 2021"]
[Site "Kiel GER"]
[Date "2022.07.23"]
[Round "1"]
[White "Kovalchuk, Alexander"]
[Black "Kort, Felix"]
[Result "0-1"]
[Termination "normal"]
[Board "2.2"]
[WhiteElo "1411"]
[BlackElo "1858"]
[WhiteClock "00:01:59"]
[BlackClock "00:01:36"]
[WhiteTeam "USV TU Dresden"]
[BlackTeam "Hamburger SK von 1830 eV"]
[PlyCount "82"]
[WhiteFideId "16247809"]
[BlackFideId "16220129"]
[EventCountry "GER"]
[EventRounds "7"]
[EventType "team-swiss"]
[EventDate "2022.07.22"]

1. d4 {[%clk 01:30:55]} {[%emt 00:00:04]} Nf6 {[%clk 01:30:54]} {[%emt
00:00:07]} 2. Nf3 {[%clk 01:31:15]} {[%emt 00:00:09]} e6 {[%clk 01:31:15]}
{[%emt 00:00:08]} 3. c4 {[%clk 01:31:18]} {[%emt 00:00:28]} b6 {[%clk
01:31:34]} {[%emt 00:00:11]} 4. Nc3 {[%clk 01:31:25]} {[%emt 00:00:23]} Bb4
{[%clk 01:30:56]} {[%emt 00:01:08]} 5. Bd2 {[%clk 01:29:15]} {[%emt 00:02:40]}
O-O {[%clk 01:29:50]} {[%emt 00:01:35]} 6. e3 {[%clk 01:29:14]} {[%emt
00:00:33]} Bb7 {[%clk 01:28:39]} {[%emt 00:01:40]} 7. Be2 {[%clk 01:24:57]}
{[%emt 00:04:48]} d6 {[%clk 01:22:43]} {[%emt 00:06:25]} 8. a3 {[%clk
01:20:04]} {[%emt 00:05:23]} Bxc3 {[%clk 01:22:48]} {[%emt 00:00:24]} 9. Bxc3
{[%clk 01:19:53]} {[%emt 00:00:42]} Ne4 {[%clk 01:21:52]} {[%emt 00:01:27]} 10.
O-O {[%clk 01:19:20]} {[%emt 00:01:03]} Nxc3 {[%clk 01:18:59]} {[%emt
00:03:22]} 11. bxc3 {[%clk 01:11:56]} {[%emt 00:00:07]} Nd7 {[%clk 00:58:27]}
{[%emt 00:28:48]} 12. Nd2 {[%clk 01:08:42]} {[%emt 00:03:43]} f5 {[%clk
00:52:12]} {[%emt 00:06:47]} 13. Bf3 {[%clk 01:04:53]} {[%emt 00:04:18]} Bxf3
{[%clk 00:50:46]} {[%emt 00:01:58]} 14. Qxf3 {[%clk 01:04:09]} {[%emt
00:01:13]} e5 {[%clk 00:49:03]} {[%emt 00:02:12]} 15. e4 {[%clk 00:56:28]}
{[%emt 00:07:57]} Qg5 {[%clk 00:26:56]} {[%emt 00:22:52]} 16. Qd3 {[%clk
00:41:07]} {[%emt 00:15:50]} Rae8 {[%clk 00:21:53]} {[%emt 00:05:34]} 17. Rae1
{[%clk 00:34:58]} {[%emt 00:06:38]} f4 {[%clk 00:20:55]} {[%emt 00:01:29]} 18.
h3 {[%clk 00:19:17]} {[%emt 00:16:11]} Qf6 {[%clk 00:19:01]} {[%emt 00:02:24]}
19. f3 {[%clk 00:14:35]} {[%emt 00:05:11]} g5 {[%clk 00:19:26]} {[%emt
00:00:06]} 20. Kf2 {[%clk 00:13:35]} {[%emt 00:01:30]} h5 {[%clk 00:16:05]}
{[%emt 00:03:52]} 21. Nb3 {[%clk 00:10:15]} {[%emt 00:03:49]} Re7 {[%clk
00:11:16]} {[%emt 00:05:19]} 22. Rh1 {[%clk 00:05:09]} {[%emt 00:05:36]} Rg7
{[%clk 00:09:13]} {[%emt 00:02:32]} 23. Reg1 {[%clk 00:04:31]} {[%emt
00:01:09]} Kf7 {[%clk 00:04:06]} {[%emt 00:05:37]} 24. c5 {[%clk 00:03:11]}
{[%emt 00:01:51]} Qe6 {[%clk 00:01:49]} {[%emt 00:02:47]} 25. d5 {[%clk
00:03:00]} {[%emt 00:00:40]} Qe7 {[%clk 00:01:56]} {[%emt 00:00:23]} 26. c6
{[%clk 00:02:28]} {[%emt 00:01:02]} Nf6 {[%clk 00:02:22]} {[%emt 00:00:05]} 27.
g4 {[%clk 00:02:21]} {[%emt 00:00:37]} fxg3+ {[%clk 00:01:57]} {[%emt
00:00:55]} 28. Rxg3 {[%clk 00:02:35]} {[%emt 00:00:16]} h4 {[%clk 00:00:45]}
{[%emt 00:01:41]} 29. Rg2 {[%clk 00:02:41]} {[%emt 00:00:23]} Nh5 {[%clk
00:01:10]} {[%emt 00:00:06]} 30. Qe3 {[%clk 00:02:19]} {[%emt 00:00:51]} Ng3
{[%clk 00:00:45]} {[%emt 00:00:56]} 31. Rhg1 {[%clk 00:02:06]} {[%emt
00:00:43]} Ke8 {[%clk 00:01:05]} {[%emt 00:00:10]} 32. Nd2 {[%clk 00:01:50]}
{[%emt 00:00:46]} Rf4 {[%clk 00:01:11]} {[%emt 00:00:24]} 33. a4 {[%clk
00:01:36]} {[%emt 00:00:44]} Qd8 {[%clk 00:00:55]} {[%emt 00:00:46]} 34. Qd3
{[%clk 00:00:37]} {[%emt 00:01:29]} g4 {[%clk 00:00:44]} {[%emt 00:00:41]} 35.
Rxg3 {[%clk 00:00:44]} {[%emt 00:00:24]} hxg3+ {[%clk 00:01:04]} {[%emt
00:00:10]} 36. Rxg3 {[%clk 00:01:11]} {[%emt 00:00:02]} Qh4 {[%clk 00:01:15]}
{[%emt 00:00:18]} 37. hxg4 {[%clk 00:00:52]} {[%emt 00:00:50]} Rgxg4 {[%clk
00:01:21]} {[%emt 00:00:24]} 38. Nf1 {[%clk 00:01:14]} {[%emt 00:00:08]} Rxg3
{[%clk 00:01:40]} {[%emt 00:00:12]} 39. Nxg3 {[%clk 00:01:31]} {[%emt
00:00:12]} Qh2+ {[%clk 00:02:05]} {[%emt 00:00:05]} 40. Ke3 {[%clk 00:01:41]}
{[%emt 00:00:21]} Qxg3 {[%clk 00:02:25]} {[%emt 00:00:09]} 41. Qe2 {[%clk
00:01:59]} {[%emt 00:00:12]} Rh4 {[%clk 00:01:36]} {[%emt 00:01:19]} 0-1

[Event "DVM U16 2021"]
[Site "Kiel GER"]
[Date "2022.07.23"]
[Round "1"]
[White "Reyes-Mantilla, Andrés Mauricio"]
[Black "Günther, Fabian"]
[Result "1-0"]
[Termination "normal"]
[Board "2.3"]
[WhiteElo "1614"]
[BlackElo "1485"]
[WhiteClock "00:07:38"]
[BlackClock "00:20:39"]
[WhiteTeam "Hamburger SK von 1830 eV"]
[BlackTeam "USV TU Dresden"]
[PlyCount "59"]
[WhiteFideId "4467248"]
[BlackFideId "16240294"]
[EventCountry "GER"]
[EventRounds "7"]
[EventType "team-swiss"]
[EventDate "2022.07.22"]

1. d4 {[%clk 01:30:18]} {[%emt 00:00:42]} Nf6 {[%clk 01:30:54]} {[%emt
00:00:06]} 2. c4 {[%clk 01:30:35]} {[%emt 00:00:13]} e6 {[%clk 01:31:21]}
{[%emt 00:00:04]} 3. g3 {[%clk 01:30:49]} {[%emt 00:00:16]} d5 {[%clk
01:31:22]} {[%emt 00:00:29]} 4. Nf3 {[%clk 01:31:11]} {[%emt 00:00:07]} b6
{[%clk 01:30:35]} {[%emt 00:01:18]} 5. cxd5 {[%clk 01:28:52]} {[%emt 00:02:49]}
exd5 {[%clk 01:30:39]} {[%emt 00:00:26]} 6. Bg2 {[%clk 01:28:45]} {[%emt
00:00:37]} Bb7 {[%clk 01:27:28]} {[%emt 00:03:42]} 7. O-O {[%clk 01:28:07]}
{[%emt 00:01:06]} Nbd7 {[%clk 01:27:11]} {[%emt 00:00:47]} 8. Nc3 {[%clk
01:26:45]} {[%emt 00:01:53]} Be7 {[%clk 01:24:04]} {[%emt 00:03:36]} 9. Bf4
{[%clk 01:23:47]} {[%emt 00:03:28]} O-O {[%clk 01:23:42]} {[%emt 00:00:53]} 10.
Rc1 {[%clk 01:22:39]} {[%emt 00:01:37]} c5 {[%clk 01:22:29]} {[%emt 00:01:43]}
11. Ne5 {[%clk 01:11:37]} {[%emt 00:11:33]} cxd4 {[%clk 01:12:13]} {[%emt
00:10:46]} 12. Qxd4 {[%clk 01:08:52]} {[%emt 00:03:14]} Bc5 {[%clk 01:06:06]}
{[%emt 00:06:38]} 13. Qa4 {[%clk 01:05:20]} {[%emt 00:04:02]} Nxe5 {[%clk
01:04:28]} {[%emt 00:02:08]} 14. Bxe5 {[%clk 01:04:51]} {[%emt 00:00:59]} Re8
{[%clk 00:57:18]} {[%emt 00:07:40]} 15. Bd4 {[%clk 00:54:42]} {[%emt 00:10:38]}
Qd6 {[%clk 00:51:16]} {[%emt 00:06:33]} 16. Rfd1 {[%clk 00:49:28]} {[%emt
00:05:42]} Bc6 {[%clk 00:47:07]} {[%emt 00:04:40]} 17. Qb3 {[%clk 00:40:05]}
{[%emt 00:09:53]} Rad8 {[%clk 00:45:08]} {[%emt 00:02:30]} 18. e3 {[%clk
00:35:40]} {[%emt 00:04:55]} Bxd4 {[%clk 00:33:58]} {[%emt 00:11:40]} 19. Rxd4
{[%clk 00:35:09]} {[%emt 00:01:00]} Re5 {[%clk 00:32:15]} {[%emt 00:02:12]} 20.
Rcd1 {[%clk 00:29:21]} {[%emt 00:06:19]} Qe6 {[%clk 00:24:44]} {[%emt
00:08:01]} 21. e4 {[%clk 00:19:56]} {[%emt 00:09:56]} Re8 {[%clk 00:25:06]}
{[%emt 00:00:07]} 22. exd5 {[%clk 00:16:17]} {[%emt 00:04:09]} Re1+ {[%clk
00:25:27]} {[%emt 00:00:09]} 23. Bf1 {[%clk 00:13:38]} {[%emt 00:03:09]} Qh3
{[%clk 00:22:50]} {[%emt 00:03:07]} 24. Rxe1 {[%clk 00:09:25]} {[%emt
00:04:43]} Rxe1 {[%clk 00:23:02]} {[%emt 00:00:18]} 25. Qc4 {[%clk 00:09:42]}
{[%emt 00:00:13]} b5 {[%clk 00:22:03]} {[%emt 00:01:30]} 26. dxc6 {[%clk
00:06:04]} {[%emt 00:04:08]} bxc4 {[%clk 00:22:02]} {[%emt 00:00:31]} 27. Rd8+
{[%clk 00:06:33]} {[%emt 00:00:01]} Ne8 {[%clk 00:22:18]} {[%emt 00:00:13]} 28.
Rxe8+ {[%clk 00:07:02]} {[%emt 00:00:02]} Rxe8 {[%clk 00:22:28]} 29. Bxh3
{[%clk 00:07:31]} g6 {[%clk 00:20:39]} {[%emt 00:02:19]} 30. Bd7 {[%clk
00:07:38]} {[%emt 00:00:23]} 1-0